000 00276nam a2200121Ia 4500
008 190216s9999||||xx |||||||||||||| ||und||
100 _aBhasheer Bhadra
245 0 _aHindi - Allah - Hafiz
260 _bDivi Publishers
_c2001
300 _a99
650 _aHindi
942 _cBK
999 _c16154
_d16154